00169nam a22000857a 4500082000900000100001600009245004000025260001200065650000600077 a b  aShakespeare aKing Henry Fourth/cby Shakespeare. a b c  a